Entry Personal Name
Number of records used in: 2
001 - CONTROL NUMBER
003 - CONTROL NUMBER IDENTIFIER
005 - DATE AND TIME OF LATEST TRANSACTION
- control field:
20220524141002.0
008 - FIXED-LENGTH DATA ELEMENTS
- fixed length control field:
951226n| azannaabn |a aaa
010 ## - LIBRARY OF CONGRESS CONTROL NUMBER
- LC control number:
n 95122019
016 ## - NATIONAL BIBLIOGRAPHIC AGENCY CONTROL NUMBER
- Record control number:
1042C4307E
035 ## - SYSTEM CONTROL NUMBER
- System control number:
(OCoLC)oca03980504
040 ## - CATALOGING SOURCE
- Original cataloging agency:
DLC
- Language of cataloging:
eng
- Description conventions:
rda
- Transcribing agency:
DLC
- Modifying agency:
DLC
- Modifying agency:
InIU
- Modifying agency:
CaOONL
042 ## - AUTHENTICATION CODE
046 ## - SPECIAL CODED DATES
- Birth date:
1954-09-04
- Source of date scheme:
edtf
100 1# - HEADING--PERSONAL NAME
- Personal name:
Mio, Jeffery Scott,
- Dates associated with a name:
1954-
370 ## - ASSOCIATED PLACE
- Place of birth:
Long Beach (Calif.)
- Associated country:
United States
- Source of term:
naf
377 ## - ASSOCIATED LANGUAGE
400 1# - SEE FROM TRACING--PERSONAL NAME
- Personal name:
Mio, Jeffrey Scott,
- Dates associated with a name:
1954-
400 1# - SEE FROM TRACING--PERSONAL NAME
- Personal name:
Mio, Jeff,
- Dates associated with a name:
1954-
670 ## - SOURCE DATA FOUND
- Source citation:
Metaphor, implications and applications, 1996:
- Information found:
CIP t.p. (Jeffrey Scott Mio)
670 ## - SOURCE DATA FOUND
- Source citation:
Key words in multicultural interventions, 2000:
- Information found:
CIP t.p. (Jeffrey S. Mio) data sheet, etc. (Assoc. Prof. & Director of M.A. program in psych, Calif. State Poly. Univ.; b. Sept. 4, 1954)
670 ## - SOURCE DATA FOUND
- Source citation:
Email from author, Jan. 26, 2000
- Information found:
(Jeffery Scott Mio, preferred form, b. Sept. 4, 1954, Long Beach, Calif.)
670 ## - SOURCE DATA FOUND
- Source citation:
Cognitive psychology, c2006:
- Information found:
t.p. (Jeff Mio)
670 ## - SOURCE DATA FOUND
- Source citation:
Cross-cultural psychology, 2022:
- Information found:
CIP title page (Jeffery Scott Mio) LAC CIP application (American)